|
|
|
|
| LEADER |
00000naa a2200000 i 4500 |
| 001 |
publ651 |
| 005 |
20161130131524.0 |
| 008 |
161130s2015 hu o 000 zxx d |
| 020 |
|
|
|a 978-963-7159-92-3
|
| 040 |
|
|
|a BGE Publikációtár Repozitórium
|b hun
|
| 100 |
1 |
|
|a Marosán Bence
|
| 245 |
1 |
2 |
|a A sikeres kormányzás intézményi feltételei és mérési módszerei
|c Marosán Bence
|h [elektronikus dokumentum]
|
| 260 |
|
|
|a Budapesti Gazdasági Főiskola
|c 2015
|
| 300 |
|
|
|a 376-391
|
| 490 |
0 |
|
|a Alkalmazott tudományok II. fóruma: Konferenciakötet
|
| 650 |
|
4 |
|a politikatudományok
|
| 695 |
|
|
|a Kormányzat
|
| 695 |
|
|
|a Mérési módszerek
|
| 856 |
4 |
0 |
|u https://publikaciotar.uni-bge.hu/id/eprint/651/1/Maros%C3%A1n.pdf
|z Dokumentum-elérés
|